000 01587nam a2200265Ia 4500
999 _c38576
_d38576
001 4693
003 GE_BSU
005 20190724151259.0
008 181216s2007||||ge |||||||||||||| ||geo||
020 _a9789994090754
040 _cGE_BSU
041 _ageo
080 _a616.31(075.8) თ–49
100 _aბოროვსკი, ე.
_93307
245 _aთერაპიული სტომატოლოგია :
_bსასწავლო ლიტერატურა სახელმძღვანელო უმაღლესი სამედიცინო სასწავლებლების სტუდ. და ექიმებისათვის /
_cე. ბოროვსკი, ვ.სივანოვი, ვ. ბარჩენკო და სხვ. ; ე. ბოროვსკის რედაქციით ; თარგმნის რედ. : ლია ჭელიძე, მაია ქორიძე
264 _aთბილისი :
_bმთაწმინდელი ;
_c2007.
300 _a539 გვ. :
_bსურ.;
_c21სმ.
541 _h33 ლ.
653 _aთერაპიული სტომატოლოგია
700 _aივანოვი, ს.
_eავტორი
_93308
700 _aბარჩენკო, ვ.
_eავტორი
_93309
700 _aჭელიძე, ლია
_eთარგმნის რედაქტორი
_93310
700 _aქორიძე, მაია
_eთარგმნის რედაქტორი
_93311
942 _cBK
_2udc